[Event "Charlesbourg Millenium"]
[Site "Charlesbourg"]
[Date "2009.11.23"]
[Round "1"]
[White "Cite, Jocelyn"]
[Black "Fecteau, Martin"]
[Result "0-1"]
[WhiteElo "1642"]
[BlackElo "2048"]
[PlyCount "70"]
[EventDate "2009.11.23"]
[EventType "swiss"]
[EventRounds "5"]
[EventCountry "CAN"]
[SourceTitle "EXT 2011"]
[Source "ChessBase"]
[SourceDate "2010.11.26"]
[SourceVersion "1"]
[SourceVersionDate "2010.11.26"]
[SourceQuality "1"]

1. e4 c5 2. Nf3 Nc6 3. d3 g6 4. g3 Bg7 5. Bg2 d6 6. 0-0 Rb8 7. Nbd2 b5 8. Nh4 e6 9. f4 Qb6 10. Kh1 Nge7 11. c3 0-0 12. Rf2 a5 13. Qf1 Qc7 14. g4 f5 15. h3 b4 16. c4 Nd4 17. Rb1 Bf6 18. Nhf3 Bd7 19. Nxd4 Bxd4 20. Re2 Nc6 21. Nf3 Bg7 22. b3 Rbe8 23. Bb2 Bxb2 24. Rbxb2 fxg4 25. Nh2 gxh3 26. Bxh3 Nd4 27. Rg2 d5 28. e5 dxc4 29. bxc4 Bc6 30. Ng4 Qg7 31. Kh2 Bxg2 32. Rxg2 a4 33. Rg3 b3 34. axb3 axb3 35. Bg2 Rb8 0-1